Statistiken für Bewohner von Entenhausen

Klicken Sie hier um das Quiz zu spielen!

Allgemein

  • Dieses Quiz wurde 116 mal gespielt
  • Das Durchschnittsergebnis liegt bei 16 aus 46

Antwortstatistiken

Nachname/TitelVorname% Korrekt
DuckDagobert
96%
DuckDonald
96%
MausMicky
96%
DuckTrick
96%
DuckTick
95%
DüsentriebDaniel
93%
DuckTrack
93%
MausMinnie
88%
GansGustav
86%
DuckDaisy
75%
KaterKarlo
63%
GaukeleyGundel
59%
KleverKlaas
56%
Goofy
55%
MoneysackMac
46%
Pluto
44%
Panzer Knacker
35%
GansFranz
29%
Phantomias
28%
KnackOpa
26%
DuckDussel
24%
Helferlein
24%
KomissarHunter
23%
GansGitta
19%
InspektorIssel
16%
HuhnHenriette
13%
MausMack
13%
MausMuck
13%
KnäuelKuno
10%
Baptist
8%
DuckDacky
8%
DuckDicky
8%
DuckDucky
8%
Johann
8%
AgentDoppelduck
7%
Gamma
4%
MausMortimer
4%
AgentinKay-K
3%
InspektorSteinbeiß
3%
Zanker/Zorngiebel
3%
Fräulein Rührig
2%
ProfessorZapotek
2%
Kralle
1%
ProfessorMalin
1%
Plattnase/schwarzes Phantom
1%
Anwanzer
0%

Verteilung der Resultate

Perzentil nach korrekt beantworteten Fragen

Anzahl Personen mit jedem Resultat

Ihre Resultats-Entwicklung

Sie haben dieses Quiz noch nicht gespielt